Conocimiento de materiales en ingeniería
I tiakina i:
| Kaituhi matua: | |
|---|---|
| Hōputu: | Pukapuka |
| Reo: | Pāniora |
| I whakaputaina: |
Barcelona
Gustavo Gili
1976
|
| Rangatū: | Colección Temas Básicos de Ingeniería
|
| Ngā marau: | |
| Ngā Tūtohu: |
Tāpirihia he Tūtohu
Kāore He Tūtohu, Me noho koe te mea tuatahi ki te tūtohu i tēnei pūkete!
|
MARC
| LEADER | 00000nam a2200000 a 4500 | ||
|---|---|---|---|
| 001 | UCP1547 | ||
| 003 | CL-VaPUC | ||
| 008 | 990416e19760000SP |||||||||||||||||spa|d | ||
| 082 | 0 | 4 | |a 620.11 |b JOH |2 21 |
| 100 | |a John, V. B |e author |9 427648 | ||
| 245 | 1 | 0 | |a Conocimiento de materiales en ingeniería |
| 300 | |a 292 p | ||
| 942 | |c BK | ||
| 945 | |d 19990416 00:00:00 |a cmena | ||
| 260 | |a Barcelona |b Gustavo Gili |c 1976 | ||
| 650 | 0 | |a Materiales de ingeniería |9 261006 | |
| 650 | 0 | |a Resistencia de materiales |9 260095 | |
| 650 | 0 | |a Propiedades mecánicas |9 262507 | |
| 650 | 0 | |a Ingeniería mecánica |9 262089 | |
| 583 | |a last modification |c 19990416 00:00:00 |k Rodrigo Vera | ||
| 490 | 0 | |a Colección Temas Básicos de Ingeniería | |
| 999 | |c 280216 |d 280214 | ||